<?xml version="1.0" encoding="UTF-8"?>
<record
    xmlns:xsi="http://www.w3.org/2001/XMLSchema-instance"
    xsi:schemaLocation="http://www.loc.gov/MARC21/slim http://www.loc.gov/standards/marcxml/schema/MARC21slim.xsd"
    xmlns="http://www.loc.gov/MARC21/slim">

  <leader>01019nam a22001457a 4500</leader>
  <datafield tag="999" ind1=" " ind2=" ">
    <subfield code="c">527955</subfield>
    <subfield code="d">527955</subfield>
  </datafield>
  <controlfield tag="008">241011b           ||||| |||| 00| 0 eng d</controlfield>
  <datafield tag="100" ind1=" " ind2=" ">
    <subfield code="a">Gore, Manish Mohan </subfield>
    <subfield code="9">59182</subfield>
  </datafield>
  <datafield tag="245" ind1=" " ind2=" ">
    <subfield code="a">India&#x2019;s biofuel revelation: Efficient, sustainable, and glean </subfield>
  </datafield>
  <datafield tag="260" ind1=" " ind2=" ">
    <subfield code="a">Yojana</subfield>
  </datafield>
  <datafield tag="300" ind1=" " ind2=" ">
    <subfield code="a">68(10), Oct, 2024: p.49-55  </subfield>
  </datafield>
  <datafield tag="520" ind1=" " ind2=" ">
    <subfield code="a">India&#x2019;s reliance on fossil fuels poses environmental and economic challenges, such as high carbon emissions and air pollution, biofuels, derived from organic materials, is consider a renewable energy source and can help mitigate climate change. The CSIR-Indian Institute of Petroleum&#x2019;s intimation in converting sued cooking oil into befouled is a significant step stripe toward achieving cleaner energy and better waste management in India. This imitative aligns with the Swachh Bharat mission&#x2019;s objectives of cleanliness, sanitation and waste management, contributing to a healthier and more suitable India. &#x2013; Reproduced </subfield>
  </datafield>
  <datafield tag="773" ind1=" " ind2=" ">
    <subfield code="a">Yojana</subfield>
  </datafield>
  <datafield tag="906" ind1=" " ind2=" ">
    <subfield code="a">ENVIRONMENT</subfield>
  </datafield>
  <datafield tag="942" ind1=" " ind2=" ">
    <subfield code="c">AR</subfield>
  </datafield>
  <datafield tag="952" ind1=" " ind2=" ">
    <subfield code="0">0</subfield>
    <subfield code="1">0</subfield>
    <subfield code="2">ddc</subfield>
    <subfield code="4">0</subfield>
    <subfield code="7">0</subfield>
    <subfield code="9">403036</subfield>
    <subfield code="a">IIPA</subfield>
    <subfield code="b">IIPA</subfield>
    <subfield code="d">2024-10-11</subfield>
    <subfield code="h">68(10), Oct, 2024: p.49-55  </subfield>
    <subfield code="p">AR1333385</subfield>
    <subfield code="r">2024-10-11</subfield>
    <subfield code="y">AR</subfield>
  </datafield>
</record>
